000 00295nam a22001337a 4500
008 170313b xxu||||| |||| 00| 0 eng d
020 _a9780072348989
041 _aeng
080 _27ED
_a591
100 _a7
101 _aSHM
245 _aFOUNDATIONS PARASITOLOGY
_cROBERTS.L
942 _2udc
_cBK
999 _c7639
_d7639